000
00297nam a2200133Ia 4500
008
231129s1978||||xx |||||||||||||| ||spa||
040
_b
spa
082
_a
305.3 B335h
100
_a
Battegay Raymond
245
0
_a
El hombre en el grupo
260
_c
1978
264
_a
Herder
942
_2
ddc
_c
BKS
999
_c
11264
_d
11264